000 00458nam a2200133Ia 4500
008 170221s9999 xx 000 0 und d
100 _aBereket Zerai
245 _aTechnical Efficiency and its Determinants of Micro Finance Institutions in Ethiopia: A Stochastic Frontier Approach
245 _cBereket Zerai & Lalitha Rani
260 _c2015
300 _a3 : 1
650 _xBusiness
856 _uhttp://www.globip.com/articles/african-vol8-article1.pdf
999 _c313559
_d313559